000 00727nam a22001937a 4500
999 _c219434
_d219434
003 NUST
005 20180118110450.0
008 150805b xxu||||| |||| 00| 0 eng d
020 _a9788131721933
040 _cSNS
082 _a530 WOL
100 _94948
_aWolfson, Richard
245 _a Essential university physics
_cRichard, Wolfson
260 _cc 2009
650 _94950
_aPhysics
_x-
942 _2ddc
_cBK
_eFirst Impression 2009